Svět včel a jejich příbuzných /

Uloženo v:
Hlavní autor: Sekaninová, Štěpánka (Autor)
Další autoři: Krutá, Zuzana Dreadka (Autor)
Médium: Kniha
Jazyk:Czech
Vydáno: V Brně : Albatros, 2026
Vydání:1. vydání
Témata:
Celkem bylo vypůjčeno:0x
Tagy:
Žádné tagy
LEADER 02165nam a2200565 i 4500
001 106503
003 CZ PrNK
005 20260604173724.0
007 ta
008 260408s2026 xr a b f 000 0 cze
015 |a cnb003750158 
020 |a 9788000077260  |q (vázáno) :  |c Kč 269,00 
040 |a OLA001  |b cze  |e rda 
072 7 |a 591  |x Obecná zoologie  |2 Konspekt  |9 2 
072 7 |a 0/9-053.2  |x Literatura pro děti a mládež (naučná)  |2 Konspekt  |9 26 
080 |a 595.799  |2 MRF 
080 |a 591.5  |2 MRF 
080 |a (0.062)  |2 MRF 
080 |a (084.11)  |2 MRF 
080 |a (0.053.2)  |2 MRF 
100 1 |a Sekaninová, Štěpánka  |7 ola2017959546  |4 aut  |9 107885 
245 1 0 |a Svět včel a jejich příbuzných /  |c Štěpánka Sekaninová, Zuzana Dreadka Krutá 
250 |a 1. vydání 
264 1 |a V Brně :  |b Albatros,  |c 2026 
300 |a 39 stran :  |b barevné ilustrace ;  |c 29 cm 
336 |a text  |b txt  |2 rdacontent 
336 |a statický obraz  |b sti  |2 rdacontent 
337 |a bez média  |b n  |2 rdamedia 
338 |a svazek  |b nc  |2 rdacarrier 
500 |a Napsala Štěpánka Sekaninová, ilustrovala Zuzana Dreadka Krutá 
500 |a Místo vydání je chybně, správně má být: Praha 
521 8 |a Pro děti od 6 let 
650 0 7 |a včely  |7 ph116667  |2 czenas 
650 0 7 |a chování živočichů  |7 ph189267  |2 czenas 
650 0 7 |a ekologie živočichů  |7 ph114419  |2 czenas 
650 0 9 |a bees  |2 eczenas 
650 0 9 |a animal behavior  |2 eczenas 
650 0 9 |a animal ecology  |2 eczenas 
655 7 |a populárně-naučné publikace  |7 fd131864  |2 czenas  |9 102 
655 7 |a obrazové publikace  |7 fd132947  |2 czenas  |9 53754 
655 7 |a publikace pro děti  |7 fd133156  |2 czenas  |9 23 
655 9 |a popular works  |2 eczenas 
655 9 |a pictorial works  |2 eczenas 
655 9 |a children's literature  |2 eczenas 
700 1 |a Krutá, Zuzana Dreadka  |7 mzk20181007186  |4 ill  |9 109749 
710 2 |a Nakladatelství Albatros  |7 kn20010724027  |4 pbl  |9 108199 
910 |a UOG502 
942 |2 ddc  |c KN 
999 |d 106503 
993 |0 0  |1 421180107223  |2 ddc  |4 0  |6 595_000000000000000  |7 0  |9 99947  |b 0  |c 107223  |d 2026-06-04  |e 0  |f M  |g 595  |h 269.00  |i Koupě  |l M  |r 2026-06-04  |t 7  |w 2026-06-04  |y KN  |z NAUCNA  |n